000 01140cac a2200361 i 4500
003 EG-GICUC
005 20260121101408.0
008 950731s1995 nyu fr 001 0 eng d
020 _a0820527238
020 _a9780820527239
040 _aDLC
_cDLC
_dDLC
_dEG-GICUC
_beng
_erda
043 _an-us---
050 0 0 _aKF4550
_b.R43 1995
082 0 0 _a342.1
_221
092 0 4 _221
099 _aLaw 08 1995
100 1 _aRedlich, Norman.
245 1 0 _aUnderstanding constitutional law /
_cNorman Redlich, Bernard Schwartz, John Attanasio.
264 _aNew York :
_bMatthew Bender,
_c1995.
300 _axii, 480 page ;
_c25 cm.
_b,
336 _atext
_btxt
_2rdacontent
337 _aunmediated
_bn
_2rdamedia
338 _avolume
_bnc
_2rdacarrier
440 0 _aLegal text series
500 _aIncludes index.
525 _aKept up to date by supplements.
650 0 _aConstitutional law
_zUnited States.
700 1 _aSchwartz, Bernard,
_d1923-1997.
_ejoint author.
700 1 _aAttanasio, John,
_ejoint author.
856 4 0 _uhttps://fll.law.cu.edu.eg/fulltext/bks/ENGB08-00055.pdf
905 _a10
942 _2ddc
_cBK
_e21
_n0
999 _c47457
_d47457